Soria / (Record no. 162855)

MARC details
000 -LEADER
campo de control de longitud fija 01175nam a2200277 i 4500
001 - NÚMERO DE CONTROL
campo de control 162855
003 - IDENTIFICADOR DE NÚMERO DE CONTROL
campo de control ES-MaACL
005 - FECHA Y HORA DE LA ÚLTIMA TRANSACCIÓN
campo de control 20250928103918.0
008 - DATOS DE LONGITUD FIJA--INFORMACIÓN GENERAL
campo de control de longitud fija 940615s1889 sp af |||| | spa d
080 ## - NÚMERO DE LA CLASIFICACIÓN DECIMAL UNIVERSAL
Número de la Clasificación Decimal Universal 908(460.186)"18"
100 1# - ENTRADA PRINCIPAL--NOMBRE DE PERSONA
Nombre de persona Rabal, Nicolás.
9 (RLIN) 149924
245 10 - MENCIÓN DEL TÍTULO
Título Soria /
Mención de responsabilidad, etc. por Nicolás Rabal ; dibujos a pluma de Isidro Gil ; heliografías de Thomás ; cromos de Xumetra.
260 ## - PUBLICACIÓN, DISTRIBUCIÓN, ETC.
Lugar de publicación, distribución, etc. Barcelona :
Nombre del editor, distribuidor, etc. Est. Tip.-Edit. de Daniel Cortezo y Cª,
Fecha de publicación, distribución, etc. 1889.
300 ## - DESCRIPCIÓN FÍSICA
Extensión 542, [2] p., [6] h. de lám. :
Otras características físicas il. ;
Dimensiones 24 cm.
490 1# - MENCIÓN DE SERIE
Mención de serie España: sus monumentos y artes, su naturaleza e historia
530 ## - NOTA DISPONIBLE DE FORMULARIO FÍSICO ADICIONAL
Nota de formato físico adicional disponible Disponible en formato digital.
597 ## - NOTA DE DESCRIPCIÓN FÍSICA
NOTA DE DESCRIPCIÓN FÍSICA Port. a dos tintas.
651 #4 - PUNTO DE ACCESO ADICIONAL DE MATERIA--NOMBRE GEOGRÁFICO
Nombre geográfico Soria (Provicia)-
Subdivisión general Descripción.
9 (RLIN) 9408
700 1# - ENTRADA AGREGADA--NOMBRE PERSONAL
Nombre de persona Gil y Gavilondo, Isidro,
Fechas asociadas al nombre 1843-1917
9 (RLIN) 56737
700 1# - ENTRADA AGREGADA--NOMBRE PERSONAL
Nombre de persona Xumetra, F.
9 (RLIN) 117524
700 1# - ENTRADA AGREGADA--NOMBRE PERSONAL
Nombre de persona Thomas, Josep,
Fechas asociadas al nombre 1853-1910
9 (RLIN) 133224
830 0# - PUNTO DE ACCESO ADICIONAL DE SERIE-TÍTULO UNIFORME
Título uniforme España: sus monumentos y artes, su naturaleza e historia
9 (RLIN) 188068
852 ## - LOCALIZACIÓN
Ubicación ES-MaACL
Número de control de estantería C-2048
Nota libre - Enc. tela roja grabada, con estampaciones doradas y negras
856 ## - LOCALIZACIÓN Y ACCESO ELECTRÓNICOS
Identificador Uniforme de Recursos <a href="http://archive.org/details/sorianic00raba ">http://archive.org/details/sorianic00raba </a>
Nota pública Internet Archive
Holdings
Estatus retirado Estado de pérdida Estado de daño No para préstamo Colección Biblioteca de origen Biblioteca actual Ubicación en estantería Fecha de adquisición Fuente de adquisición Total de préstamos Signatura topográfica completa Código de barras Visto por última vez Precio de reemplazo Tipo de ítem Koha
        Colección digital Biblioteca del Ateneo de Madrid Biblioteca del Ateneo de Madrid Sala Palomar 17/01/2008     C-2048 1170629 23/02/2023 23/02/2023 Libro impreso antiguo